Influence of large and local scale systems on the shallow cloud layers in the tropics (Record no. 291931)

MARC details
000 -LEADER
fixed length control field 00585nam a22001577a 4500
082 ## - DEWEY DECIMAL CLASSIFICATION NUMBER
Classification number 551.6
Item number GAD/IN PG
100 ## - MAIN ENTRY--PERSONAL NAME
Personal name Gadha Gopan
245 ## - TITLE STATEMENT
Title Influence of large and local scale systems on the shallow cloud layers in the tropics
260 ## - PUBLICATION, DISTRIBUTION, ETC. (IMPRINT)
Place of publication, distribution, etc Vellanikkara
Name of publisher, distributor, etc college of climate change and environmental science
Date of publication, distribution, etc 2024
300 ## - PHYSICAL DESCRIPTION
Extent 58,xiii p.
502 ## - DISSERTATION NOTE
Dissertation note MSc
650 ## - SUBJECT ADDED ENTRY--TOPICAL TERM
Topical term or geographic name as entry element climate change and environmental science
Topical term following geographic name as entry element Influence of large and local scale systems
700 ## - ADDED ENTRY--PERSONAL NAME
Personal name Resmi, E A (Guide)
856 ## - ELECTRONIC LOCATION AND ACCESS
Uniform Resource Identifier https://krishikosh.egranth.ac.in/handle/1/5810225730
942 ## - ADDED ENTRY ELEMENTS (KOHA)
Source of classification or shelving scheme Dewey Decimal Classification
Item type Theses
Holdings
Not for loan Home library Current library Shelving location Date acquired Full call number Barcode Date last seen Koha item type
Not For Loan KAU Central Library, Thrissur KAU Central Library, Thrissur Theses 20/03/2025 551.6 GAD/IN PG 176323 20/03/2025 Theses
Kerala Agricultural University Central Library
Thrissur-(Dt.), Kerala Pin:- 680656, India
Ph : (+91)(487) 2372219
E-mail: librarian@kau.in
Website: http://library.kau.in/